| 000 | 00811nas a2200277 4500 | ||
|---|---|---|---|
| 001 | BR7600515 | ||
| 003 | BR-BrBNA | ||
| 005 | 20231205082903.0 | ||
| 007 | ta | ||
| 008 | 230509b bl.|||p| |||| 00| 00por d | ||
| 040 |
_aBR-BrBNA _bpor _cBiblioteca Nacional de Agricultura |
||
| 041 | _a(Pt) | ||
| 072 | _aF25 | ||
| 100 | 1 | _aFerrari, V.A. | |
| 100 | 1 | _aChurata-Masca, M.G.C. | |
| 245 | 1 | _aEfeitos de niveis crescentes de nitrogenio e de borax na producao de alho (Allium sativum L.) | |
| 650 | _aFERTILIDADE DO SOLO | ||
| 650 | _aFERTILIZANTE | ||
| 650 | _aNUTRICAO VEGETAL | ||
| 650 | _aALHO | ||
| 650 | _aNITROGENIO | ||
| 650 | _aBORO | ||
| 773 | 0 |
_tCientifica (Brazil) _xISSN 0100-0039 _g(1975), v. 3(2) p. 254-262 _wBR7600515 |
|
| 909 |
_a202311 _bLúcia _c55 _dLúcia Elande |
||
| 942 |
_2AGRIS _n0 _cANA |
||
| 999 |
_c94860 _d94860 |
||